Miasta kończące się na S według podpowiedzi - Statystyki

Ogólne statystyki
  • Ten quiz został rozwiązany 21 razy
  • Średni wynik to 10 z 20
Statystyki odpowiedzi
Wskazówka Miasto % Poprawnych
Najludniejsze miasto w Ameryce Południowej, które nie leży w Brazylii Buenos Aires
100%
Miasto, do którego wielu Amerykanów udaje się, aby szybko wziąć ślub (lub się rozwieść) Las Vegas
88%
Miasto na Riwierze z słynnym festiwalem filmowym Cannes
82%
Stolica Wenezueli Caracas
82%
Po raz trzeci będzie gospodarzem Letnich Igrzysk Olimpijskich w 2028 roku Los Angeles
82%
Stolica stanu Ohio, nazwane na cześć Krzysztofa Kolumba Columbus
71%
Megamiasto w Afryce Zachodniej, liczące ponad 20 milionów mieszkańców Lagos
71%
Stolica stanu Indiana, wielki węzeł komunikacyjny Indianapolis
65%
Drugie pod względem wielkości miasto Danii, na trasie Europejskiego Szlaku Gotyku Ceglanego Aarhus
59%
W pobliżu miejsca, w którym znajdowała się starożytna Kartagina Tunis
59%
Największe miasto Amazonii Manaus
47%
Miasto w Bretanii, miasto uniwersyteckie Rennes
41%
To miasto w Yorkshire jest drugim co do wielkości centrum finansowym Wielkiej Brytanii Leeds
35%
Francuskie miasto położone najbliżej Anglii Calais
29%
Stolica Wyspy Man Douglas
29%
Gdzie można spacerować ulicą Beale i odwiedzić grób Elvisa Memphis
29%
Miasto leżące we Francji przy ujściu rzeki Maine do Loary Angers
24%
Najsłynniejsze wydarzenie w tym mieście zostało sfilmowane przez Abrahama Zaprudera 22 listopada 1963 roku Dallas
24%
Razem ze St. Paul stanowi połowę „Miast Bliźniaczych” Minneapolis
18%
Jedyne duże miasto na świecie, do którego nie prowadzi żadna droga kołowa ani tor kolejowy Iquitos
0%
Nie znaleziono quizów pasujących do podanych kryteriów
Rozkład punktacji
Procent ludzi z każdym wynikiem
Percentyl według liczby udzielonych odpowiedzi
Twoja historia wyników
Nie rozwiązałeś tego quizu